Ezequiel

Saved in:
Bibliografiske detaljer
Hovedforfatter: Zurro, Eduardo (Author)
Andre forfattere: Alonso Schökel, Luis (autor)
Format: Bog
Sprog:spansk
Udgivet: Madrid Cristiandad 1971
Serier:<Los >Libros Sagrados, 4, 8
Fag:
Tags: Tilføj Tag
Ingen Tags, Vær først til at tagge denne postø!

MARC

LEADER 00000nam a2200000 a 4500
001 UCR2280
003 CL-VaPUC
008 980109e19710000SP |||||||||||||||||spa|d
082 0 4 |a 224.4  |b ZUR  |2 21 
100 0 |a Zurro, Eduardo  |e author  |9 400139 
700 |a Alonso Schökel, Luis  |e autor  |9 591055 
245 1 0 |a Ezequiel 
300 |a 299 p 
942 |c BK 
945 |d 19980109 00:00:00  |a rleighto 
260 |a Madrid  |b Cristiandad  |c 1971 
650 0 |a Textos sagrados   |9 257605 
650 0 |a Antiguo testamento   |9 313678 
650 0 |a Profetas  |9 314377 
650 0 |a Libros proféticos   |9 400141 
583 |a last modification  |c 19980109 00:00:00  |k Rodrigo Vera 
490 0 |a <Los >Libros Sagrados, 4, 8 
999 |c 265535  |d 265533 
952 |0 0  |1 0  |4 0  |6 224_400000000000000_ZUR_1971  |7 0  |8 A  |9 296493  |a BIBTEO  |b BIBTEO  |d 2019-11-20  |i 3386821  |o 224.4 ZUR 1971  |p 3386821  |r 2025-01-17  |w 2019-11-20  |y BK  |k ICR